000 00564nam a2200193Ia 4500
005 20250508162335.0
008 008 250505s9999 xx 000 0 eng d
037 _aTextual
040 _aFEDL
_beng
_cFEDL
041 _aeng
_2eng
084 _a370.15, ADV
_qFEDL
100 _aKratocheill Thomas R Ed.
_9772915
245 0 _aAdvances in school psychology, V 1
260 _aHillsdale
_bLawrence Erlbaum Associates
_c1981
300 _axvii,344p
650 _aEducation - Psychology
942 _cTEXL
_h370.15, ADV
999 _c1375941
_d1375941